000 00481naa a22001937a 4500
001 129480
003 220908
005 20201118121658.0
008 ||||||n9999 ||| || ||
245 0 _aLa autoconciencia :
_bla humanidad imaginada
562 _e0
650 _aCONCIENCIA (PSICOLOGIA)
650 _aDUALISMO
650 _aESPIRITU
650 _aMENTE Y CUERPO
650 _aSUBCONSCIENCIA
773 _0129474
_aEl despertar del individuo :
942 _cCHAP
999 _c129480
_d129480